000 00434nam a2200133Ia 4500
008 220217s9999 xx 000 0 und d
245 0 _aNatural rubber compounds-specification. Part 1. For moulded products. (second revision)
260 _aNew Delhi
260 _c1994
_bBIS
490 _aRubber Products Sectional Committee, PCD 13
500 _aStandard number: IS 5192 (Part 1)
650 _aNatural rubber compounds
942 _cST
999 _c73838
_d73838